000 01603nam a2200349Ia 4500
001 16221
003 IT-RoPAU
008 130308s9999 xx 000 0 und d
040 _aIT-RoPAU
040 _cIT-RoPAU
041 _aITALIANO
100 _aWellek René
100 _gCodice Aut. SPICS: 503
240 _aTHEORY OF LITERATURE
240 _gCodice Tit. Orig. Spics: T0901
245 _aTeoria della letteratura e metodologia dello studio letterario
245 _bTeoria della letteratura e Metodologia Dello Studio Letterario
250 _a1a ed.
260 _aBOLOGNA
260 _bIl Mulino
260 _c1956 [1° Ed.:1956 - Ed.Ling.Originale:1942]
300 _a"474 p. (prefazione: 16; testo: 458)"
500 _aProblemi di una Teoria Letteraria Essenza della Letteratura Funzione della Letteratura Teoria Critica e Storia Letteraria Letteratura Generale comparata e Nazionale Ordinamento e costituzione dei Testi Metodi Estrinseci Nello Studio della Letteratura Letteratura e Biografia Letteratura e Psicologialetteratura e Società Letteratura e Idee Letteratura e le Altre Arti Studio Intrinseco della Letteratura Analisi dell'Opera d'arte Letteraria Eufonia ritmo Metro Stile e stilistica immagine Metafora Simbolo Mito Natura e Modi della Narrativa Generi Letterari Valutazione Storia Letteraria Situazione Accademica insegnamento della Letteratura
650 _aSAGGI DI LINGUISTICA
650 _eCodice materia Spics: 3207
700 _aWarren Austin
700 _gCodice Aut. SPICS: 540
942 _cBK
957 _71
999 _c65973
_d65973
999 _bSI
999 _g1